000 00737nam a2200265Ia 4500
003 OSt
005 20221006151027.0
006 a|||||r|||| 00| 0
007 ta
008 221006b |||||||| |||| 00| 0 jpn d
020 _c¥900
024 _a20,700
037 _bGift, Japan Foundation
_cTextual
040 _aEASL
_cEASL
_bjpn
041 _2jpn
_ajpn
082 _aX.42.N5, K8
100 _aMIYAZAKI Yoshikazu
_9658133
245 0 _aSengo nihon no keizai kiko
_b Gendai keizaigaku sosho
260 _aTokyo
_bShin Hyoron Japan
_c1968
300 _a276p.
_ccm.
490 _v JL
650 _aJL
942 _hX.42.N5, K8
_cTEXL
_2CC
999 _c1088786
_d1088786